Biblioteca

El sacerdocio en la Escritura (Registro nro. 70496)

Detalles MARC
000 -LÍDER
Campo fijo de descripción fija 01047nam a2200229 4500
001 - NÚMERO DE CONTROL
Campo de control 768714001
003 - IDENTIFICADOR DEL NÚMERO DE CONTROL
Campo de control CO-MdFUSB
005 - FECHA Y HORA DE LA ULTIMA TRANSACCIÓN
control field 20260305214538.0
008 - ELEMENTOS DE LONGITUD FIJA -- INFORMACIÓN GENERAL
Campo fijo de descripción fija -- Información general 240717t1971 ck ||||| |||| 00| 0 spa d
040 ## - FUENTE DE CATALOGACIÓN
Idioma de catalogación spa
Agencia que realiza la transcripción CO-MdFUSB
Agencia que realiza la modificación CO-MdFUSB
041 ## - CÓDIGO DE IDIOMA
Código de idioma para texto/pista de sonido o título separado spa
100 ## - ASIENTO PRINCIPAL--NOMBRE PERSONAL
Nombre personal Ortiz, Pedro,
Término relacionador autor
245 ## - TÍTULO
Título El sacerdocio en la Escritura
Mención de responsabilidad / S. J. Pedro Ortiz
520 ## - NOTA DE RESUMEN, ETC.
Nota de sumario, etc. Vamos a estudiar los fundamentos bíblicos del Sacerdocio ministerial cristiano: de dónde se deriva, cuáles son, según la Escritura, la naturaleza y las funciones propias del ministerio sacerdotal.
630 07 - PUNTO DE ACCESO ADICIONAL DE MATERIA - TÍTULO UNIFORME
Título uniforme Biblia.
Parte o sección de la obra Nuevo Testamento
Subdivisión de materia general Crítica, interpretación, etc.
630 07 - PUNTO DE ACCESO ADICIONAL DE MATERIA - TÍTULO UNIFORME
Título uniforme Biblia.
Parte o sección de la obra Antiguo Testamento
Subdivisión de materia general Crítica, interpretación, etc.
650 #7 - ASIENTO SECUNDARIO DE MATERIA - TERMINO TEMÁTICO
Término temático o nombre geográfico como elemento de entrada Hermenéutica
9 (RLIN) 418
650 #7 - ASIENTO SECUNDARIO DE MATERIA - TERMINO TEMÁTICO
Término temático o nombre geográfico como elemento de entrada Clero --
Término temático que sigue al nombre geográfico como elemento de entrada Actividad política
9 (RLIN) 41
773 0# - ASIENTO DE ITEM FUENTE
Biblionumber 70111
Itemnumber 82800
Lugar, editorial y fecha de publicación Bogotá, Colombia :
Otro identificador del ítem R2663
Título Ecclesiastica Xaveriana
Número de control del registro (CO-MdFUSB)768714001
Parte(s) relacionada(s) / Volumen., número. (mes año), páginas Volumen 21, (número 1, 1971) páginas: 4 - 27
Enumeración y primera página página: 4
942 ## - TIPO DE MATERIAL (KOHA)
Tipo de Item KOHA Artículos de Revista
945 ## - INFORMACIÓN LOCAL DEL REGISTRO
Catalogador Catherine Arias Álvarez - Practicante SENA

No hay ítems disponibles.

Biblioteca FUSBC | Teléfono: (57+4) 349 88 10 Ext. 141| WhatsApp (+57) 3005338115 
E-mail: biblioteca@unisbc.edu.co | Calle 76 87-14 Robledo Palenque, Medellín, Colombia

Con tecnología Koha